| 000 | 00570nam a22001457a 4500 | ||
|---|---|---|---|
| 999 |
_c535699 _d535699 |
||
| 082 | _a624.1 | ||
| 100 | _aKhan, Zohaib Ahmed | ||
| 245 |
_aIdentifying the critical factors affecting the workers safety issues during nightime construction activities in Pakistan / _cZohaib Ahmed Khan. |
||
| 260 |
_aIslamabad : _bNIT - NUST, _c2014. |
||
| 300 |
_a116 p. : ill. ; _c30cm. |
||
| 942 |
_2ddc _cTHE |
||
| 650 |
_aConstruction Engineering & Management - MS Theses. _930389 |
||
| 700 |
_aSup Dr. Malik Asghar Naeem. _919779 |
||